ロード中...

Coulson and Richardson's chemical engineering: Vol.1: fluid flow, heat transfer and mass transfer

書誌詳細
第一著者: Coulson, J. M.
その他の著者: ...[et al.]
言語:English
出版事項: Oxford Butterworth-Heinemann 2006
版:6th ed.
主題:
LEADER 00649nam a2200241 a 4500
001 adlib96000001
003 ViArRB
005 20151026132940.0
008 960221s1955 dcuabcdjdbkoqu001 0deng d
020 |a 81-8147-386-8 
022
040 |a Adlib 
082 |a 66 
245 |a Coulson and Richardson's chemical engineering: Vol.1: fluid flow, heat transfer and mass transfer 
250 |a 6th ed. 
260 |a Oxford  |b Butterworth-Heinemann  |c 2006 
300 |a xxvii, 894p. 
500 |a  4 vol.set 
100 |a Coulson, J. M. 
700 |a ...[et al.] 
942 |c REF  |6 _ 
653 |a Chemical engineering  |a Biotechnology 
999 |c 60132  |d 60132